000 01421cam a22004337a 4500
001 18415727
005 20260325055346.0
008 141224s2016 paua b 001 0 eng
010 _a 2014960188
016 7 _a101654997
_2DNLM
020 _a9780803629103
020 _a0803629109
035 _a18415727
035 _a(OCoLC)904438356
040 _aNLM
_beng
_cNLM
_dFJD
_dEEK
_dOCLCO
_dYDXCP
_dBTCTA
_dN8X
_dOCLCF
_dDLC
042 _anlmcopyc
_alccopycat
050 0 0 _aRT86.5
_bD46 2016
060 0 0 _a2015 C-698
060 1 0 _aWY 159.5
082 0 0 _a610.73
_223
100 1 _aDenham, Sharon A.,
_d1945-
245 1 0 _aFamily-focused nursing care /
260 _aPhiladelphia
_bE.A. Davis
_c2016
300 _axx, 453 p. :
_bill. ;
_c26 cm.
504 _aIncludes bibliographical references and index.
650 0 _aFamily nursing.
650 0 _aFamilies
_xHealth and hygiene.
650 0 _aNurse and patient.
650 1 2 _aFamily Nursing.
650 2 2 _aFamily.
650 2 2 _aNursing Care.
650 7 _aFamilies
_xHealth and hygiene.
_2fast
650 7 _aFamily nursing.
_2fast
650 7 _aNurse and patient.
_2fast
906 _a7
_bcbc
_ccopycat
_d2
_eepcn
_f20
_gy-gencatlg
942 _2lcc
_cBK
999 _c60275
_d60275